000 00854nam a2200265Ia 4500
003 OSt
005 20220928115257.0
006 a|||||r|||| 00| 0
007 ta
008 220927b |||||||| |||| 00| 0 eng d
020 _c845.75
024 _a124996
037 _b133, 01/10/2014, Classic Book Service
_cTextual
040 _aSDCL
_cSDCL
_beng
041 _2eng
_aeng
082 _aU8.1, Q4
100 _aToffin Gerard Ed.
_9443636
245 0 _aFacing globalization in the Himalayas
_b Belonging and the politics of the self
260 _aNew Delhi
_bSage
_c2014
300 _ax;471p.
_ccm.
650 _aPolitical Science
700 _a Pfaff-Czarnecka Joanna Ed.
_9443637
942 _hU8.1, Q4
_cTEXL
_2CC
999 _c758763
_d758763